书目信息 |
| 题名: |
化工分析
|
|
| 作者: | 李继睿 , 李赞忠 主编 | |
| 分册: | ||
| 出版信息: | 北京 化学工业出版社 2015.6 |
|
| 页数: | 308页 | |
| 开本: | 26cm | |
| 丛书名: | ||
| 单 册: | ||
| 中图分类: | TQ014 | |
| 科图分类: | ||
| 主题词: | 化学工业--分析方法--高等教育--教材 , 化学工业 , 分析方法 | |
| 电子资源: | ||
| ISBN: | 978-7-122-03080-1 | |
| 000 | 00880nam0 2200277 450 | |
| 001 | 0400002017 | |
| 005 | 20171019215625.0 | |
| 010 | @a978-7-122-03080-1@dCNY34.00 | |
| 100 | @a20080912d2015 em y0chiy50 ea | |
| 101 | 0 | @achi |
| 102 | @aCN@b110000 | |
| 105 | @ay z 000yy | |
| 106 | @ar | |
| 200 | 1 | @a化工分析@9hua gong fen xi@f李继睿,李赞忠主编 |
| 210 | @a北京@c化学工业出版社@d2015.6 | |
| 215 | @a308页@d26cm | |
| 300 | @a高职高专“十一五”规划教材 | |
| 330 | @a本书介绍了化工分析基本知识、常用的化学分析和仪器分析方法等内容。包括滴定分析概论、酸碱滴定法、配位滴定法、氧化还原滴定法等内容。 | |
| 606 | 0 | @a化学工业@x分析方法@x高等教育@j教材 |
| 606 | 0 | @a化学工业 |
| 606 | 0 | @a分析方法 |
| 690 | @aTQ014@v4 | |
| 701 | 0 | @a李继睿@9li ji rui@4主编 |
| 701 | 0 | @a李赞忠@9li zan zhong@4主编 |
| 801 | 0 | @aCN@b91MARC@c20171019 |
| 905 | @b1031270-4@dTQ014@f5@e404 | |
| 化工分析/李继睿,李赞忠主编.-北京:化学工业出版社,2015.6 |
| 308页;26cm |
| 高职高专“十一五”规划教材 |
| ISBN 978-7-122-03080-1:CNY34.00 |
| 本书介绍了化工分析基本知识、常用的化学分析和仪器分析方法等内容。包括滴定分析概论、酸碱滴定法、配位滴定法、氧化还原滴定法等内容。 |
| ● |
| 相关链接 |
|
|
|
|
正题名:化工分析
索取号:TQ014/404
 
预约/预借
| 序号 | 登录号 | 条形码 | 馆藏地/架位号 | 状态 | 备注 |
| 1 | 1031270 | 210312703 | 第二样本阅览室/ [索取号:TQ014/404] | 在馆 | |
| 2 | 1031271 | 210312712 | 化学系资料室/ [索取号:TQ014/404] | 在馆 | |
| 3 | 1031272 | 210312721 | 第三借阅区/ [索取号:TQ014/404] | 在馆 | |
| 4 | 1031273 | 210312730 | 第三借阅区/ [索取号:TQ014/404] | 在馆 | |
| 5 | 1031274 | 210312749 | 第三借阅区/ [索取号:TQ014/404] | 在馆 |